| 000 | 01979cam a2200529 a 4500 | ||
|---|---|---|---|
| 001 | sjds1066634 | ||
| 003 | sjds | ||
| 005 | 20200627200837.0 | ||
| 008 | 970219t19971997nyua j 000 1 spa | ||
| 010 | _a 97002998 | ||
| 020 |
_a0688154670 : _c$15.00 |
||
| 020 | _a0833573063 : | ||
| 020 | _a0688154875 (pbk.) | ||
| 020 | _a9780688154875 (pbk.) | ||
| 020 |
_a9780688154875 _c$6.99 |
||
| 020 |
_a0688154875 _c$6.99 |
||
| 035 | _a149149 | ||
| 035 | _a(OCoLC)36461605 | ||
| 035 | _a149149 | ||
| 040 |
_aDLC _cNjSoBT _dNjSoBT _dUtOrBLW |
||
| 041 | 1 |
_aspa _heng |
|
| 049 | _aIFAD | ||
| 099 | _f1997 | ||
| 100 | 1 |
_aCleary, Beverly, _eauthor. |
|
| 240 | 1 | 0 |
_aRamona Quimby, age 8. _lSpanish |
| 245 | 1 | 0 |
_aRamona empieza el curso / _cBeverly Cleary ; ilustrado por Alan Tiegreen ; traducido por Gabriela Bustelo. |
| 250 | _aEdition en español. | ||
| 260 |
_aNew York : _bMorrow Junior Books, _cc1997 |
||
| 264 | 1 |
_aNew York : _bMorrow Junior Books, _c[1997] |
|
| 264 | 4 | _cc1997 | |
| 300 |
_a212 pages : _billustrations ; _c21 cm |
||
| 336 |
_atext _btxt _2rdacontent |
||
| 337 |
_aunmediated _bn _2rdamedia |
||
| 338 |
_avolume _bnc _2rdacarrier |
||
| 500 | _aTítulo original: Ramona Quimby, age 8. | ||
| 520 | _a"La Sra. Kemp debe cuidar a Ramona para que su madre pueda ir a trabajar. Su madre debe ir a trabajar para que su padre pueda volver a la universidad. Pero lo peor de todo no es eso; lo peor de todo es que el tercer grado es completamente diferente de lo que Ramona pensaba..."--Page 4 of cover. | ||
| 520 | _aThe further adventures of the Quimby family as Ramona enters the third grade. | ||
| 526 | 0 |
_aAccelerated Reader _bMG _c5.6 _d3.0 _z134SP |
|
| 546 | _aText in Spanish. | ||
| 650 | 0 |
_aFamilies _vJuvenile fiction. |
|
| 650 | 0 |
_aSchools _vJuvenile fiction. |
|
| 650 | 7 |
_aFamilia _vNovela juvenil. _2bidex |
|
| 650 | 7 |
_aEscuelas _vNovela juvenil. _2bidex |
|
| 700 | 1 | _aTiegreen, Alan. | |
| 700 | 1 | _aBustelo, Gabriela. | |
| 942 | _cBK | ||
| 999 |
_c20744 _d20744 |
||